Statystyki dla Skoczkowie narciarscy PŚ 2023/24

Kliknij tutaj aby rozwiązać quiz!

Ogólne statystyki

  • Ten quiz został rozwiązany 131 razy
  • Średni wynik to 40 z 81

Statystyki odpowiedzi

Answers% Poprawnych
Stoch
96%
Żyła
96%
Kraft
95%
Kubacki
95%
Ryoyu Kobayashi
91%
Junshiro Kobayashi
90%
Granerud
83%
Domen Prevc
82%
Kot
82%
Peter Prevc
82%
Wąsek
82%
Wellinger
82%
Aalto
81%
Zniszczoł
81%
Geiger
80%
Lanisek
76%
Ammann
73%
Paschke
73%
Hoerl
71%
Bresadola
70%
Forfang
69%
Zajc
69%
Deschwanden
68%
Kos
66%
Lindvik
66%
Tande
66%
Aigro
64%
Zografski
64%
Hayboeck
63%
Fettner
61%
Insam
61%
Nakamura
61%
Peier
60%
Tschofenig
59%
Nikaido
57%
Stękała
55%
Huber
54%
Kytosaho
54%
Leyhe
54%
Raimund
51%
Koudelka
50%
Johansson
47%
Sundal
47%
Aigner
46%
Ipcioglu
46%
Jelar
44%
Nousiainen
41%
Valto
41%
Cecon
40%
Marusiak
40%
Takeuchi
40%
Campregher
37%
Imhof
36%
Belshaw
34%
Frantz
34%
Hamann
33%
Urlaub
33%
Cacina
31%
Dean
31%
Kaliniczenko
27%
Larson
27%
Villumstad
27%
Nazarenko
26%
Ahonen
23%
Foubert
23%
Spulber
23%
Naito
22%
Bedir
20%
Pedersen
20%
Wasser
20%
Wasiljew
17%
Heggli
16%
Palosaari
16%
Hauswirth
14%
Ostvold
14%
Tkaczenko
14%
Feldorean
13%
Pohjola
13%
Kavilo
9%
Diewiatkin
7%
Miziernych
7%

Rozkład punktacji

Percentyl według liczby udzielonych odpowiedzi

Procent ludzi z każdym wynikiem

Twoja historia wyników

Nie rozwiązałeś tego quizu